| 000 | 00353cam a2200145ua 4500 | ||
|---|---|---|---|
| 041 |
_ahin _h |
||
| 082 |
_a891.43 _bBAH/TH |
||
| 100 | _aBaharu, . | ||
| 245 |
_aThahithya our vichan / _cBaharu. _hTextual Documents |
||
| 260 |
_a : _bSashtra sahithya maratal prakash , _c1962. |
||
| 300 | _a592 ; . | ||
| 504 | _a | ||
| 942 | _cBK | ||
| 999 |
_c3624 _d3624 |
||